[Event "Mittelfranken-chTB1 1819"]
[Site "Mittelfranken"]
[Date "2019.01.27"]
[Round "4.7"]
[White "Strnad, Alfred"]
[Black "Avdic, Klaudio"]
[Result "1-0"]
[WhiteElo "1827"]
[BlackElo "1588"]
[PlyCount "53"]
[EventDate "2018.10.14"]
[EventType "team-tourn"]
[EventRounds "9"]
[EventCountry "GER"]
[SourceTitle "EXT 2022"]
[Source "ChessBase"]
[SourceDate "2021.10.06"]
[SourceVersion "1"]
[SourceVersionDate "2021.10.06"]
[SourceQuality "1"]
[WhiteTeam "Heideck/Hilpoltstein"]
[BlackTeam "Erlangen Siemens"]
[WhiteTeamCountry "GER"]
[BlackTeamCountry "GER"]

1. e4 c5 2. Nc3 d6 3. g3 Nc6 4. Bg2 Nf6 5. d3 a6 6. f4 g6 7. Nf3 Bg7 8. 0-0 0-0 9. h3 h5 10. Be3 Ne8 11. Nh4 Bf6 12. f5 Kg7 13. Qd2 Rh8 14. Bg5 Qa5 15. Rf2 Ra7 16. Raf1 Bd4 17. Be3 Ne5 18. Qe2 Nf6 19. fxg6 fxg6 20. Nd5 Nxd5 21. exd5 Bxb2 22. Nf3 Nf7 23. Bd2 Qc7 24. c3 Ba3 25. Ng5 Nd8 26. Rf7+ Kg8 27. Rxe7 1-0

[Event "Mittelfranken-chTB1 1819"]
[Site "Mittelfranken"]
[Date "2018.10.14"]
[Round "1.7"]
[White "Strobel, Norbert"]
[Black "Avdic, Klaudio"]
[Result "1-0"]
[WhiteElo "1990"]
[BlackElo "1588"]
[PlyCount "57"]
[EventDate "2018.10.14"]
[EventType "team-tourn"]
[EventRounds "9"]
[EventCountry "GER"]
[SourceTitle "EXT 2022"]
[Source "ChessBase"]
[SourceDate "2021.10.06"]
[SourceVersion "1"]
[SourceVersionDate "2021.10.06"]
[SourceQuality "1"]
[WhiteTeam "Fuerth SG"]
[BlackTeam "Erlangen Siemens"]
[WhiteTeamCountry "GER"]
[BlackTeamCountry "GER"]

1. d4 d6 2. g3 Nf6 3. Bg2 Nc6 4. f4 Rb8 5. d5 Nb4 6. e4 Bg4 7. Ne2 e5 8. c4 c5 9. Nbc3 a5 10. 0-0 Bd7 11. a3 Na6 12. Qd3 Be7 13. h3 Qc8 14. Kh2 b5 15. Nxb5 Bxb5 16. cxb5 c4 17. Qc3 Rxb5 18. fxe5 dxe5 19. Qxe5 Nc5 20. d6 0-0 21. dxe7 Re8 22. Nd4 Rb7 23. Nf5 Qc7 24. Qxc7 Rxc7 25. Bf4 Rd7 26. Bd6 g6 27. Nh6+ Kg7 28. Bxc5 Kxh6 29. Rxf6 1-0

[Event "Mittelfranken-chTB2a 0809"]
[Site "Mittelfranken"]
[Date "2009.01.25"]
[Round "5.8"]
[White "Avdic, Klaudio"]
[Black "Llugiq, Azem"]
[Result "0-1"]
[WhiteElo "1654"]
[BlackElo "1649"]
[PlyCount "116"]
[EventDate "2008.10.12"]
[EventType "team"]
[EventRounds "9"]
[EventCountry "GER"]
[SourceTitle "EXT 2011"]
[Source "ChessBase"]
[SourceDate "2010.11.26"]
[SourceVersion "1"]
[SourceVersionDate "2010.11.26"]
[SourceQuality "1"]
[WhiteTeam "Erlangen Siemens"]
[BlackTeam "Nuernberg Sued SW III"]
[WhiteTeamCountry "GER"]
[BlackTeamCountry "GER"]

1. d4 d5 2. Nf3 g6 3. e3 Bg7 4. Bd3 Nf6 5. Nbd2 0-0 6. b3 b6 7. 0-0 Bb7 8. Bb2 Nbd7 9. Re1 Re8 10. Ne5 Rc8 11. Qe2 Nxe5 12. dxe5 Nd7 13. e6 Bxb2 14. exd7 Qxd7 15. Rab1 Bc3 16. Rbd1 Bg7 17. c4 e6 18. Nf3 Qe7 19. Bc2 c5 20. Nd2 Rcd8 21. Nf1 Qg5 22. Ng3 h5 23. f4 Qf6 24. Qf1 h4 25. Ne2 dxc4 26. bxc4 e5 27. Ba4 Re6 28. Rxd8+ Qxd8 29. Rd1 Rd6 30. h3 exf4 31. exf4 Rxd1 32. Qxd1 Qe7 33. Qd3 Qe4 34. Qxe4 Bxe4 35. Bb3 Bb2 36. Kf2 Kg7 37. g4 Kf6 38. Bd1 Ke6 39. a4 f5 40. g5 Kd6 41. Bb3 a6 42. Kf1 Bd3 43. Kf2 b5 44. axb5 axb5 45. cxb5 c4 46. Ba4 Kc5 47. b6 Kxb6 48. Be8 c3 49. Nxc3 Bxc3 50. Bxg6 Bd2 51. Bf7 Bxf4 52. g6 Be5 53. Be6 Kc6 54. Ke3 Bb1 55. Kf3 Kd6 56. Bf7 Ke7 57. Bc4 Be4+ 58. Ke3 Bg7 0-1

[Event "Mittelfrankenliga-B2a 0506"]
[Site "Germany"]
[Date "2006.01.29"]
[Round "5.8"]
[White "Peiberg, Ehrhard"]
[Black "Avdic, Klaudio"]
[Result "1/2-1/2"]
[WhiteElo "1674"]
[BlackElo "1721"]
[PlyCount "47"]
[EventDate "2005.10.16"]
[EventType "team"]
[EventRounds "9"]
[EventCountry "GER"]
[SourceTitle "EXT 2007"]
[Source "ChessBase"]
[SourceDate "2006.11.23"]
[SourceVersion "1"]
[SourceVersionDate "2006.11.23"]
[SourceQuality "1"]

1. d4 Nf6 2. c4 g6 3. Nc3 Bg7 4. e4 d6 5. Be2 0-0 6. Bg5 Nc6 7. Qd2 a6 8. d5 Nb8 9. h3 c5 10. Nf3 Nbd7 11. Bh6 Re8 12. 0-0 Nf8 13. Bxg7 Kxg7 14. Rfe1 h6 15. Bd3 N8d7 16. e5 dxe5 17. Nxe5 Qc7 18. Qf4 Nxe5 19. Qxe5 Qxe5 20. Rxe5 Bd7 21. Rae1 Kf8 22. f4 Rab8 23. Ne4 Nxe4 24. R5xe4 1/2-1/2

[Event "Seebach op 16th"]
[Site "Grossenseebach"]
[Date "2005.05.28"]
[Round "5"]
[White "Suess, Stefan"]
[Black "Avdic, Klaudio"]
[Result "1-0"]
[WhiteElo "1896"]
[BlackElo "1695"]
[PlyCount "71"]
[EventDate "2005.05.26"]
[EventType "swiss"]
[EventRounds "7"]
[EventCountry "GER"]
[SourceTitle "EXT 2018"]
[Source "ChessBase"]
[SourceDate "2017.10.13"]
[SourceVersion "1"]
[SourceVersionDate "2017.10.13"]
[SourceQuality "1"]

1. e4 g6 2. d4 Bg7 3. Nc3 d6 4. Be3 a6 5. Qd2 Nd7 6. f3 e6 7. a4 Ne7 8. Bc4 Nb8 9. Nge2 d5 10. Bb3 Nbc6 11. 0-0 b6 12. Rad1 Bb7 13. Bh6 0-0 14. Bxg7 Kxg7 15. Qg5 Na5 16. Ba2 f6 17. Qg3 c5 18. Nf4 Qc8 19. exd5 exd5 20. Ncxd5 Nf5 21. Qf2 Qc6 22. Nc7 c4 23. Nxa8 Rxa8 24. b4 cxb3 25. cxb3 Qd6 26. Qd2 Nc6 27. Rfe1 a5 28. Bb1 Nce7 29. Re6 Qd8 30. d5 Bc8 31. d6 Nc6 32. d7 Ncd4 33. dxc8Q Rxc8 34. Bxf5 Nxf5 35. Qxd8 Rxd8 36. Rxd8 1-0

[Event "Mittelfranken-chT 0405"]
[Site "Germany"]
[Date "2004.11.07"]
[Round "2.7"]
[White "Avdic, Klaudio"]
[Black "Ammon, Tobias"]
[Result "1/2-1/2"]
[WhiteElo "1716"]
[BlackElo "1623"]
[PlyCount "86"]
[EventDate "2004.10.17"]
[EventType "team"]
[EventRounds "9"]
[EventCountry "GER"]
[SourceTitle "EXT 2007"]
[Source "ChessBase"]
[SourceDate "2006.11.23"]
[SourceVersion "1"]
[SourceVersionDate "2006.11.23"]
[SourceQuality "1"]

1. d4 d5 2. Nf3 a6 3. a4 Nf6 4. Nbd2 Bf5 5. e3 e6 6. c3 c5 7. Ne5 Nbd7 8. Be2 Bd6 9. f4 h5 10. Ndf3 Ng4 11. Bd3 Ngxe5 12. fxe5 Bxd3 13. Qxd3 Be7 14. Bd2 Bh4+ 15. g3 Be7 16. 0-0 g5 17. Qe2 g4 18. Ne1 f5 19. Ng2 Bg5 20. c4 cxd4 21. exd4 Bxd2 22. Qxd2 dxc4 23. a5 Nxe5 24. Qe3 Nf3+ 25. Rxf3 gxf3 26. Qxe6+ Qe7 27. Qg6+ Qf7 28. Qd6 Qd7 29. Re1+ Kd8 30. Qf6+ Kc7 31. Re7 fxg2 32. Rxd7+ Kxd7 33. Qxf5+ Kc7 34. Qc5+ Kb8 35. Qxc4 Rc8 36. Qe2 Ka7 37. d5 Rc1+ 38. Kxg2 Rac8 39. Qe3+ Ka8 40. b4 h4 41. Qe7 R8c2+ 42. Kh3 hxg3 43. hxg3 Rd1 1/2-1/2